[Event "Niteroi op 3rd"]
[Site "Niteroi"]
[Date "2023.09.07"]
[Round "6"]
[White "Araujo, Barbara Ribeiro"]
[Black "Spina, Deris Eduardo"]
[Result "1-0"]
[WhiteElo "1562"]
[BlackElo "1717"]
[PlyCount "119"]
[EventDate "2023.09.04"]
[EventType "swiss"]
[EventRounds "9"]
[EventCountry "BRA"]
[SourceTitle "EXT 2024"]
[Source "ChessBase"]
[SourceDate "2023.10.10"]
[SourceVersion "1"]
[SourceVersionDate "2023.10.10"]
[SourceQuality "1"]

1. c4 Nf6 2. g3 g6 3. Bg2 c6 4. d4 d5 5. Nd2 Bg7 6. Ngf3 0-0 7. 0-0 Be6 8. Ng5 Bf5 9. Re1 h6 10. Ngf3 Ne4 11. Qb3 Nxd2 12. Bxd2 Qd7 13. Bc3 Be6 14. c5 f6 15. Qc2 Bf5 16. Qd2 g5 17. b4 a6 18. Qb2 Qe8 19. Nd2 Bg6 20. e4 dxe4 21. Nxe4 Qf7 22. a4 Nd7 23. b5 Rab8 24. Rad1 f5 25. Nd2 f4 26. Bf1 Kh7 27. Bc4 Qf5 28. Be6 Qf6 29. Bxd7 fxg3 30. fxg3 Qf2+ 31. Kh1 Bd3 32. Bg4 e5 33. Ne4 Qxb2 34. Bxb2 Bxe4+ 35. Rxe4 Rf2 36. Re2 Rbf8 37. dxe5 Rxe2 38. Bxe2 Rf2 39. Rd2 Rf7 40. Bc4 Re7 41. Re2 Kg6 42. Bd3+ Kh5 43. bxa6 bxa6 44. Bxa6 Ra7 45. Bc8 Bf8 46. g4+ Kg6 47. Bf5+ Kf7 48. e6+ Ke7 49. Re4 Rb7 50. Ba3 Rb3 51. Bb4 Rb1+ 52. Kg2 Ra1 53. Ba5 Ra2+ 54. Kf3 Rxh2 55. Bc7 Rh3+ 56. Kg2 Rd3 57. Bd6+ Rxd6 58. cxd6+ Kxd6 59. a5 c5 60. Ra4 1-0

[Event "Niteroi op 3rd"]
[Site "Niteroi"]
[Date "2023.09.04"]
[Round "1"]
[White "Spina, Deris Eduardo"]
[Black "Filgueiras, Nathan Felipe"]
[Result "0-1"]
[WhiteElo "1717"]
[BlackElo "2328"]
[PlyCount "106"]
[EventDate "2023.09.04"]
[EventType "swiss"]
[EventRounds "9"]
[EventCountry "BRA"]
[SourceTitle "EXT 2024"]
[Source "ChessBase"]
[SourceDate "2023.10.10"]
[SourceVersion "1"]
[SourceVersionDate "2023.10.10"]
[SourceQuality "1"]

1. e4 c5 2. Nf3 Nc6 3. d4 cxd4 4. Nxd4 e5 5. Nb5 d6 6. N1c3 a6 7. Na3 b5 8. Nd5 Nce7 9. c4 Nxd5 10. Qxd5 Be6 11. Qd3 b4 12. Nc2 a5 13. b3 Be7 14. g3 Nf6 15. Bg2 Nd7 16. Be3 0-0 17. 0-0 Qc7 18. Qd2 Nc5 19. h4 Rfb8 20. f4 f6 21. f5 Bf7 22. g4 Kh8 23. g5 a4 24. Bxc5 Qxc5+ 25. Kh1 Ra7 26. Bf3 Rba8 27. Qg2 axb3 28. axb3 Rxa1 29. Rxa1 Rxa1+ 30. Nxa1 Qe3 31. g6 Qe1+ 32. Kh2 Qxh4+ 33. Qh3 Qf2+ 34. Bg2 Bg8 35. gxh7 Bf7 36. Qf3 Qh4+ 37. Kg1 Bd8 38. Qf2 Qxf2+ 39. Kxf2 Bb6+ 40. Ke2 Kxh7 41. Nc2 Bc5 42. Ne1 Kh6 43. Kf3 Bh5+ 44. Kg3 Bd1 45. Nf3 Bxb3 46. Nd2 Bc2 47. Bf1 b3 48. Nxb3 Bxb3 49. Bd3 Kg5 50. Kf3 Bd1+ 51. Kg3 Bb4 52. Kf2 Kf4 53. Bb1 Bf3 0-1